Schizophrenie und Zurechnungsfähigkeit

Gespeichert in:  
Bibliographische Detailangaben
VerfasserInnen: Groß, H. (Verfasst von) ; Pfolz, H. (Verfasst von)
Medienart: Druck Aufsatz
Sprache:Deutsch
Veröffentlicht: 1981
In: Forensia
Jahr: 1981, Band: 2, Heft: 1, Seiten: 25-35
Verfügbarkeit prüfen: HBZ Gateway
Schlagwörter:

MARC

LEADER 00000caa a2200000 c 4500
001 1631427415
003 DE-627
005 20220607125447.0
007 tu
008 130315s1981 xx ||||| 00| ||ger c
035 |a (DE-627)1631427415 
035 |a (DE-576)380034832 
035 |a (DE-599)BSZ380034832 
040 |a DE-627  |b ger  |c DE-627  |e rakwb 
041 |a ger 
100 1 |a Groß, H.  |4 aut 
245 1 0 |a Schizophrenie und Zurechnungsfähigkeit  |c H. Gross; H. Pfolz 
264 1 |c 1981 
336 |a Text  |b txt  |2 rdacontent 
337 |a ohne Hilfsmittel zu benutzen  |b n  |2 rdamedia 
338 |a Band  |b nc  |2 rdacarrier 
700 1 |a Pfolz, H.  |4 aut 
773 0 8 |i In  |t Forensia  |d Berlin : Springer, 1976  |g 2(1981), 1, Seite 25-35  |w (DE-627)129891452  |w (DE-600)303219-X  |w (DE-576)015204243  |x 0724-844X  |7 nnas 
773 1 8 |g volume:2  |g year:1981  |g number:1  |g pages:25-35 
951 |a AR 
ELC |b 1 
LOK |0 000 xxxxxcx a22 zn 4500 
LOK |0 001 3282180799 
LOK |0 003 DE-627 
LOK |0 004 1631427415 
LOK |0 005 20251009115451 
LOK |0 008 130315||||||||||||||||ger||||||| 
LOK |0 040   |a DE-21-110  |c DE-627  |d DE-21-110 
LOK |0 689   |a s  |a Forensische Psychiatrie 
LOK |0 689   |a s  |a Schizophrenie 
LOK |0 689   |a s  |a Zurechnungsfähigkeit 
LOK |0 689   |a s  |a Schuldfähigkeit 
LOK |0 852   |a DE-21-110 
LOK |0 852 1  |m p  |9 00 
LOK |0 935   |a k110 
LOK |0 938   |k p 
LOK |0 939   |a 15-03-13  |b l01 
ORI |a SA-MARC-krimdoka001.raw